| 000 | 00387nam a22001457a 4500 | ||
|---|---|---|---|
| 020 | _a9781292089232 | ||
| 040 | _cNUST | ||
| 082 |
_a620.103 _bHIB |
||
| 100 | _aHibbeler, R.C. | ||
| 245 | _aEngineering Mechanics Statics | ||
| 250 | _aFourteenth Edition in SI Units | ||
| 260 |
_aHoboken: _bPearson, _c2019. |
||
| 650 |
_aStatics Problems, Exercises, Etc _9125505 |
||
| 942 |
_2ddc _cBK |
||
| 999 |
_c611204 _d611204 |
||